Manuelita ¿dónde vas?
Gardado en:
| Autor Principal: | |
|---|---|
| Formato: | Libro |
| Idioma: | Lingua castelá |
| Publicado: |
Buenos Aires
Alfaguara
2015
|
| Edición: | 1a. ed |
| Series: | Alfawalsh
|
| Subjects: | |
| Tags: |
Engadir etiqueta
Sen Etiquetas, Sexa o primeiro en etiquetar este rexistro!
|
MARC
| LEADER | 00000cam a2200000 a 4500 | ||
|---|---|---|---|
| 001 | UCD7224 | ||
| 003 | CL-VaPUC | ||
| 008 | 170317e20150000ag |||||||||||||||||spa|d | ||
| 020 | |a 9789877380354 | ||
| 082 | 0 | 4 | |a Ar863 |b WAL |2 21 |
| 100 | 0 | |a Walsh, María Elena |e author |9 591163 | |
| 245 | 1 | 0 | |a Manuelita ¿dónde vas? |
| 250 | |a 1a. ed | ||
| 300 | |a 136 p | ||
| 942 | |c BK | ||
| 945 | |d 20170317 22:16:00 |a dcastane | ||
| 260 | |a Buenos Aires |b Alfaguara |c 2015 | ||
| 500 | |a Ilustraciones de Lancman Ink | ||
| 650 | 0 | |a Literatura argentina |9 320596 | |
| 650 | 7 | |a CUENTOS ARGENTINOS |2 CL-VaPUC |9 591164 | |
| 650 | 0 | |a Cuentos infantiles argentinos |9 308508 | |
| 583 | |a last modification |c 20170317 22:16:00 |k Rodrigo Vera | ||
| 490 | 0 | |a Alfawalsh | |
| 999 | |c 367288 |d 367286 | ||
| 952 | |0 0 |1 0 |3 erb |4 0 |6 AR_863_000000000000000_WAL_2015 |7 0 |8 A |9 482109 |a BIBEDU |b BIBEDU |i 5365236 |o Ar863 WAL 2015 |p 5365236 |r 2019-11-24 |w 2019-11-24 |y BK |z Catalogado en:20170317 |k PAR | ||
| 952 | |0 0 |1 0 |3 erb |4 0 |6 AR_863_000000000000000_WAL_2015 |7 0 |8 A |9 482110 |a BIBEDU |b BIBEDU |i 5365228 |l 1 |o Ar863 WAL 2015 |p 5365228 |r 2025-05-06 |s 2024-05-17 |w 2019-11-24 |y BK |z Catalogado en:20170317 |k PAR | ||